000 00347nam a2200145Ia 4500
008 150201s1988 xx 000 0 und d
082 _a617.645
_bD1988M
100 _aMACDONALD
245 _aDENTISTRY FOR THE CHILD & ADOLESCENT
250 _a15TH
260 _bMOSBY
_aDELHI
_c1988
300 _a1-915
650 _aPEDODONTICS
942 _2ddc
_cBK
999 _c3108
_d3108